banner koha

Aplicações da cultura de tecidos vegetais em fruteiras do cerrado (Registro n. 212332)

MARC details
000 -LÍDER
campo de controle de tamanho fixo 00840nas a2200289 4500
001 - NÚMERO DE CONTROLE
campo de controle BR2011005924
003 - IDENTIFICADOR DO NÚMERO DE CONTROLE
campo de controle BR-BrBNA
005 - DATA E HORÁRIO DA ÚLTIMA TRANSAÇÃO
campo de controle 20231205115142.0
007 - CAMPO FIXO DE DESCRIÇÃO FÍSICA--INFORMAÇÃO GERAL
campo de controle de tamanho fixo ta
008 - CAMPO DE DADOS FIXOS--INFORMAÇÃO GERAL
campo de controle de tamanho fixo 230509b bl.|||p| |||| 00| 00por d
040 ## - FONTE DA CATALOGAÇÃO
Instituição da catalogação original BR-BrBNA
Idioma da catalogação por
Instituição que transcreveu o registro Biblioteca Nacional de Agricultura
041 ## - CÓDIGO DE IDIOMA
Código do idioma do texto/trilha sonora ou título diferente (Pt)
072 ## - CÓDIGO DE CATEGORIA DE ASSUNTO
Código de Categoria de Assunto F02
100 1# - ENTRADA PRINCIPAL--NOME PESSOAL
Nome pessoal Pinhal, H.F.
100 1# - ENTRADA PRINCIPAL--NOME PESSOAL
Nome pessoal Anastácio, M.R.
100 1# - ENTRADA PRINCIPAL--NOME PESSOAL
Nome pessoal Carneiro, P.A.P.
100 1# - ENTRADA PRINCIPAL--NOME PESSOAL
Nome pessoal Silva, V.J. da
100 1# - ENTRADA PRINCIPAL--NOME PESSOAL
Nome pessoal Morais, T.P. de
100 1# - ENTRADA PRINCIPAL--NOME PESSOAL
Nome pessoal Luz, J.M.Q.
245 1# - TÍTULO
Título Aplicações da cultura de tecidos vegetais em fruteiras do cerrado
650 ## - ASSUNTO--TERMO TÓPICO
Cabeçalho tópico ou nome geográfico FRUTA
650 ## - ASSUNTO--TERMO TÓPICO
Cabeçalho tópico ou nome geográfico CULTURA IN VITRO
650 ## - ASSUNTO--TERMO TÓPICO
Cabeçalho tópico ou nome geográfico BIOTECNOLOGIA
773 0# - ENTRADA ANALÍTICA
Título Ciência Rural (Brazil)
ISSN - International Standard Serial Number ISSN 0103-8478
Partes relacionadas (Jul 2011), v. 41(7) p. 1136-1142
Número de controle do registro BR2011005924
909 ## -
-- 202311
-- Lúcia
-- 55
-- Lúcia Elande
942 ## - ELEMENTOS DE ENTRADA ADICIONADOS (KOHA)
Fonte da classificação ou esquema de arquivamento na estante Classificação AGRIS
Ocultar no OPAC Não
Tipo de material Koha Analítica
Exemplares
Situação do descarte Fonte da classificação ou esquema de arquivamento na estante Situação física Não pode ser emprestado Biblioteca de origem Biblioteca atual Localização na estante Enumeração do periódico / cronologia Total de empréstimos Data de último acesso Número do exemplar Tipo de material Koha Fonte de aquisição
  Classificação AGRIS   Consulta local Biblioteca Nacional de Agricultura - Binagri Biblioteca Nacional de Agricultura - Binagri   (Jul 2011), v. 41(7) p. 1136-1142   29/11/2023 01 Periódicos Portaria Interministerial nº 164/94

BINAGRI

Telefone: (61)3218-2567/2388/3357/2097 - binagri@agro.gov.br

Ministério da Agricultura e Pecuária , Esplanada dos Ministérios, Bloco D, Anexo B, Brasília/DF, CEP: 70.043-900